[Event "FSIMB February"]
[Site "Budapest HUN"]
[Date "2005.02.13"]
[Round "9"]
[White "Schulze,Hu"]
[Black "Szeberenyi,A"]
[Result "0-1"]
[WhiteElo "2175"]
[BlackElo "2357"]

1.d4 Nf6 2.c4 g6 3.Nc3 d5 4.cxd5 Nxd5 5.e4 Nxc3 6.bxc3 Bg7 7.Be3 O-O 8.Rb1 c5
9.Qd2 cxd4 10.cxd4 Nc6 11.Nf3 Bg4 12.d5 Bxf3 13.gxf3 Ne5 14.Be2 Qc8 15.Bd4 Qh3
16.Qe3 Rfc8 17.Kd2 Qd7 18.f4 Qa4 19.Rxb7 Rc2+ 20.Ke1 Nc4 21.Qb3 Qa5+  0-1

[Event "FSIMB February"]
[Site "Budapest HUN"]
[Date "2005.02.13"]
[Round "9"]
[White "Toth,Li"]
[Black "Katsuhara,O"]
[Result "0-1"]
[WhiteElo "2159"]
[BlackElo "2083"]

1.d4 Nf6 2.c4 g6 3.Nc3 d5 4.cxd5 Nxd5 5.e4 Nxc3 6.bxc3 Bg7 7.Qa4+ Nd7 8.Nf3 O-O
9.Bg5 h6 10.Be3 a6 11.Be2 b5 12.Qa3 Bb7 13.e5 Nb6 14.O-O e6 15.Rac1 Re8 16.Rfd1 Bf8
17.Qb2 Bd5 18.Bd3 Qe7 19.Nd2 Rab8 20.Ne4 Nd7 21.Qd2 Kh7 22.f3 Red8 23.Nf2 Qa3
24.Rc2 c5 25.Ng4 h5 26.Nf6+ Nxf6 27.exf6 e5 28.Qf2 exd4 29.Bc1 Qa4 30.Qh4 Kg8
31.Qg5 Rd7 32.cxd4 cxd4 33.Bb2 Rbd8 34.Bxg6 fxg6 35.Qxg6+ Kh8 36.Qxh5+ Rh7
37.Qf5 Bf7 38.Rcd2 Qc4 39.g4 d3 40.g5 Bc5+ 41.Kh1 Qd5 42.Qxd5 Rxd5 43.Rxd3 Rxd3
44.Rxd3 Rh5 45.Bc1 Kh7 46.Kg2 Bxa2 47.Kg3 Kg6 48.f4 Be6 49.h4 a5 50.Rd8 a4
51.Re8 Bc4 52.Re5 Bd6 53.f5+ Kf7 54.Bf4 Bxe5 55.Bxe5 b4 56.g6+ Kf8 57.Bd6+ Kg8
58.Kg4 Be2+ 59.Kf4 Rxh4+ 60.Ke5 Bc4 61.Bxb4 Rh3 62.Kd4 Ba2 63.Ke5 Rf3 64.Ke4 Rf2
65.Bc5 Bb1+ 66.Kd4 Ba2 67.Be7 Rh2 68.Ke5 Rh3 69.Bc5 Bf7 70.Kd6 Rb3 71.Ke7 Rb7+
72.Kd6 Bb3 73.Kc6 Rb8 74.Kc7 Rb5 75.Kc6 Ra5 76.Ba3 Rxf5 77.Be7 Rf3 78.Kd7  0-1

[Event "21st Open"]
[Site "Cappelle la Grande FRA"]
[Date "2005.02.13"]
[Round "2"]
[White "Kruppa,Y"]
[Black "Smolen,J"]
[Result "1-0"]
[WhiteElo "2553"]
[BlackElo "2356"]

1.d4 Nf6 2.c4 g6 3.Nc3 d5 4.cxd5 Nxd5 5.e4 Nxc3 6.bxc3 Bg7 7.Bg5 c5 8.Rc1 Qa5
9.Qd2 cxd4 10.cxd4 Qxd2+ 11.Kxd2 Nc6 12.d5 Nd4 13.Rc7 f6 14.Be3 f5 15.f3 fxe4
16.fxe4 a6 17.Bg5 O-O 18.Ne2 Nb5 19.Rxe7 h6 20.Bh4 g5 21.Rxg7+ Kxg7 22.Bg3 Re8
23.a4 Na3 24.Nc3 b5 25.Bd6 Nc4+ 26.Bxc4 bxc4 27.Rb1 Ra7 28.Ke3 Rd7 29.Bc5 Rc7
30.Kd4 a5 31.Nb5 Rb7 32.Rc1 Bd7 33.Nd6 Rb2 34.Nxe8+ Bxe8 35.Rxc4 Rxg2 36.Bd6 Ra2
37.e5 Rxa4 38.Rxa4 Bxa4 39.Bc7 h5 40.Bxa5 g4 41.Bd8 Kg6 42.Kc5 Kf5 43.e6 Bb3
44.Bh4 Kg6 45.Kd6  1-0

[Event "Bundesliga 2004-5"]
[Site "Eppingen GER"]
[Date "2005.02.13"]
[Round "11"]
[White "Hertneck,G"]
[Black "Schulze,U"]
[Result "1-0"]
[WhiteElo "2552"]
[BlackElo "2333"]

1.d4 Nf6 2.c4 g6 3.Nc3 d5 4.cxd5 Nxd5 5.e4 Nxc3 6.bxc3 Bg7 7.Bc4 c5 8.Ne2 Nc6
9.Be3 O-O 10.O-O Bd7 11.dxc5 Na5 12.Bd3 Qc7 13.Nd4 Rfd8 14.Qe2 Rdc8 15.Rac1 a6
16.Nb3 e5 17.Qb2 Rab8 18.Qa3 Nc6 19.Bc4 a5 20.Bd5 a4 21.Nd2 Na5 22.c4 Be8
23.Rb1 Bf8 24.Qc3 Nc6 25.Nf3 Bg7 26.Rb6 Ra8 27.Rfb1 Ra7 28.Qd2 Kh8 29.Ne1 f5
30.f3 Bd7 31.Nc2 Nd8 32.Na3 Bf8 33.Nb5 Bxb5 34.R1xb5 f4 35.Bf2 Bg7 36.Qb2 a3
37.Qb3 Qd7 38.Bxb7 Nxb7 39.Rxb7 Qd2 40.g4 fxg3 41.hxg3  1-0

[Event "Bundesliga 2004-5"]
[Site "Erfurt GER"]
[Date "2005.02.13"]
[Round "11"]
[White "Nyback,T"]
[Black "L'Ami,E"]
[Result "1/2-1/2"]
[WhiteElo "2554"]
[BlackElo "2531"]

1.d4 Nf6 2.c4 g6 3.Nc3 d5 4.cxd5 Nxd5 5.e4 Nxc3 6.bxc3 Bg7 7.Nf3 c5 8.Rb1 O-O
9.Be2 cxd4 10.cxd4 Qa5+ 11.Bd2 Qxa2 12.O-O Nc6 13.d5 Na5 14.Bb4 Bg4 15.Re1 Rac8
16.Bd3 Nc4 17.Bxe7 Rfe8 18.Rxb7 Rxe7 19.Bxc4 Qa3 20.Rxe7 Qxe7 21.Bb5 Qb4
22.Qa4 Qxa4 23.Bxa4 Bxf3 24.gxf3 Rc4 25.Bc6 Be5 26.Rb1 a5 27.Rb7 Kf8 28.Ra7 Rc5
29.Kg2 h5 30.Ba4 g5 31.f4 Bxf4 32.Bd1 g4 33.h3 Rc1 34.Ba4 Rc4 35.Rxa5 Rxe4  1/2-1/2

[Event "FSGM February"]
[Site "Budapest HUN"]
[Date "2005.02.15"]
[Round "11"]
[White "Berczes,D"]
[Black "Kristjansson,St"]
[Result "1/2-1/2"]
[WhiteElo "2313"]
[BlackElo "2438"]

1.d4 Nf6 2.c4 g6 3.Nc3 d5 4.cxd5 Nxd5 5.e4 Nxc3 6.bxc3 Bg7 7.Bc4 c5 8.Ne2 Nc6
9.Be3 O-O 10.O-O Bd7 11.Rb1 a6 12.dxc5 Na5 13.Bd3 Qc7 14.Nd4 Rad8 15.Qe2 Rfe8
16.f4 e5 17.fxe5 Rxe5 18.Bf4 Qxc5 19.Bxe5 Bxe5 20.Kh1 Qxc3 21.Nb3 Be6 22.Nxa5 Rxd3
23.Rfc1 Rd2 24.Rxc3 Rxe2 25.Rcc1 Bxa2 26.Rxb7 Rxe4 27.Nc6 Bf4 28.Ra1 Re2
29.Rd7 Bg5 30.Rd6 h5 31.Nb4 Be7 32.Rxa6 Be6 33.Rb6 Kg7 34.Nd3 Rd2 35.Rxe6 fxe6
36.Ne1 Bf6 37.Nf3 Rc2 38.Ra7+ Kh6 39.Kg1 e5 40.Ra6 Be7 41.Nxe5 Bc5+ 42.Kf1 Rf2+
43.Ke1 Rxg2 44.Rxg6+ Rxg6 45.Nxg6 Kxg6 46.h4 Kf5 47.Kf1 Kg4 48.Kg2 Bd6 49.Kh1 Kh3
50.Kg1 Bc5+ 51.Kh1 Bd4  1/2-1/2

[Event "21st Open"]
[Site "Cappelle la Grande FRA"]
[Date "2005.02.15"]
[Round "5"]
[White "Medghoul,S"]
[Black "Gormally,D"]
[Result "0-1"]
[WhiteElo "2181"]
[BlackElo "2472"]

1.d4 Nf6 2.c4 g6 3.Nc3 d5 4.cxd5 Nxd5 5.e4 Nxc3 6.bxc3 Bg7 7.Nf3 c5 8.Rb1 O-O
9.Be2 Nc6 10.d5 Ne5 11.Nxe5 Bxe5 12.Rb3 e6 13.f4 Bg7 14.c4 Re8 15.e5 f6 16.f5 gxf5
17.Bh5 Re7 18.d6 Rd7 19.Rg3 fxe5 20.Bb2 Kh8 21.O-O Rxd6 22.Rxg7 Rxd1 23.Bxe5 Rxf1+
24.Kxf1 Qd3+ 25.Be2 Qb1+ 26.Kf2 Qe4 27.Ba1 e5 28.Rc7 f4 29.Bb2 Qe3+ 30.Kf1 f3  0-1

[Event "Aeroflot Open B"]
[Site "Moscow RUS"]
[Date "2005.02.15"]
[Round "1"]
[White "Zhou Jianchao"]
[Black "Smikovski,I"]
[Result "1-0"]
[WhiteElo "2421"]
[BlackElo "2498"]

1.d4 Nf6 2.c4 g6 3.Nc3 d5 4.cxd5 Nxd5 5.e4 Nxc3 6.bxc3 Bg7 7.Nf3 c5 8.h3 O-O
9.Be3 Nc6 10.Be2 cxd4 11.cxd4 Qa5+ 12.Bd2 Qa3 13.d5 Ne5 14.Rb1 Nxf3+ 15.Bxf3 Qxa2
16.O-O b6 17.Re1 Re8 18.e5 Bb7 19.Bb4 Rad8 20.Ra1 Qc4 21.Rxa7 Bxd5 22.Bxe7 Bxf3
23.Qxf3 Rd3 24.Ra8 Rxf3 25.Rxe8+ Bf8 26.Rxf8+ Kg7 27.Rb8 Kh6 28.gxf3 Qe6
29.Bf6 Qxh3 30.Re4 g5 31.Rg8  1-0

[Event "21st Open"]
[Site "Cappelle la Grande FRA"]
[Date "2005.02.18"]
[Round "8"]
[White "Socko,M"]
[Black "Predojevic,B"]
[Result "1/2-1/2"]
[WhiteElo "2441"]
[BlackElo "2546"]

1.d4 Nf6 2.c4 g6 3.Nc3 d5 4.cxd5 Nxd5 5.e4 Nxc3 6.bxc3 Bg7 7.Bb5+ Nc6 8.Nf3 O-O
9.O-O Na5 10.Be3 Bd7 11.Be2 c5 12.Rc1 Qc7 13.Qd2 Rad8 14.Bf4 Qc8 15.h3 b6
16.Qe3 f6 17.d5 e5 18.Bh6 Qc7 19.Bxg7 Kxg7 20.c4 Nb7 21.h4 Rde8 22.h5 Nd6
23.Nh2 f5 24.exf5 Nxf5 25.Qd2 e4 26.Bg4 Nd4 27.Rce1 Qd6 28.Bxd7 Qxd7 29.hxg6 hxg6
30.f3 exf3 31.Rxe8 Qxe8 32.Nxf3 Qe4 33.Nxd4 Rxf1+ 34.Kxf1 cxd4 35.Qe2 Qb1+
36.Kf2 Qf5+ 37.Ke1 Qb1+ 38.Kf2 Qf5+ 39.Ke1 Qg5 40.Kd1 Kf7  1/2-1/2

[Event "Aeroflot Open B"]
[Site "Moscow RUS"]
[Date "2005.02.18"]
[Round "4"]
[White "Ulko,J"]
[Black "Klimov,S"]
[Result "1-0"]
[WhiteElo "2464"]
[BlackElo "2509"]

1.d4 Nf6 2.c4 g6 3.Nc3 d5 4.cxd5 Nxd5 5.e4 Nxc3 6.bxc3 Bg7 7.Bc4 O-O 8.Ne2 Nc6
9.Be3 b6 10.O-O Na5 11.Bd3 c5 12.Rc1 cxd4 13.cxd4 Qd7 14.Qd2 Rd8 15.d5 e6
16.Bg5 f6 17.Bf4 exd5 18.Rc7 dxe4 19.Rxd7 Rxd7 20.Bc4+ Nxc4 21.Qc2 Ne5 22.Bxe5 fxe5
23.Qc6 Rb8 24.Nc3 Rf7 25.Qd6 Ra8 26.Nxe4 Ba6 27.Rc1 Raf8 28.Qe6 Kh8 29.f3 Rf4
30.Qd5 R4f7 31.Ng5 Re7 32.Qd6 Rfe8 33.Rc7 Bf8 34.Rxe7 Rxe7 35.Qd8 Kg8 36.Qd5+ Kh8
37.Ne6 Re8 38.Qd7 Bb5 39.Qf7 Bh6 40.Qf6+ Kg8 41.Nc7  1-0

[Event "76th ch-GER"]
[Site "Altenkirchen GER"]
[Date "2005.02.19"]
[Round "2"]
[White "Breutigam,M"]
[Black "Fish,G"]
[Result "1/2-1/2"]
[WhiteElo "2403"]
[BlackElo "2523"]

1.d4 Nf6 2.c4 g6 3.Nc3 d5 4.cxd5 Nxd5 5.e4 Nxc3 6.bxc3 Bg7 7.Bc4 c5 8.Ne2 Nc6
9.Be3 O-O 10.O-O Bg4 11.f3 Bd7 12.Rb1 Qc7 13.Bf4 e5 14.Bg3 Na5 15.Bd5 Bc6
16.Bxc6 Qxc6 17.d5 Qa6 18.Qa4 b6 19.Rb5 Qc8 20.c4 Nb7 21.Rbb1 f5 22.Nc3 f4
23.Bf2 g5 24.Qd1 Nd6 25.Qe2 Rf6 26.Nb5 Nf7 27.Rfd1 Bf8 28.a4  1/2-1/2

[Event "76th ch-GER"]
[Site "Altenkirchen GER"]
[Date "2005.02.19"]
[Round "2"]
[White "Graf,A"]
[Black "Braun,A"]
[Result "1-0"]
[WhiteElo "2637"]
[BlackElo "2463"]

1.d4 Nf6 2.c4 g6 3.Nc3 d5 4.cxd5 Nxd5 5.e4 Nxc3 6.bxc3 Bg7 7.Nf3 O-O 8.Be2 b6
9.O-O Bb7 10.Qc2 c5 11.d5 Qd6 12.Bb2 Nd7 13.c4 e5 14.Bc3 Rae8 15.Rab1 Bc8
16.a4 a5 17.Qb2 Bf6 18.Ne1 Ba6 19.Nc2 h5 20.Na3 Bg5 21.Qc2 Kh7 22.Rb3 Bd8
23.Bd2 Bc7 24.Rh3 Kg7 25.Rb1 Rh8 26.Rbb3 Kf6 27.Rbf3+ Ke7 28.Qb3 f6 29.Nb5 Bxb5
30.Qxb5 Reg8 31.Rb3 Rf8 32.Kf1 Rd8 33.Ke1 Nb8 34.Rhg3 Rhg8 35.h4 Qd7 36.Rgd3 Qxb5
37.Rxb5 Na6 38.Rbb3 Nb4 39.Rdc3 Rh8 40.Kd1 Kf7 41.g3 Bd6 42.Bf1 Ke7 43.Bh3 Bc7
44.f4 Rdf8 45.Rf3 Bd6 46.Rf1 Bc7 47.Rbf3 Bd6 48.R1f2 Bb8 49.Rb3 Bc7 50.f5 Rfg8
51.fxg6 Rxg6 52.Rf5 Bd8 53.Bf1 Rg7 54.Be2 Rgh7 55.Rbf3 Kd7 56.Rxf6 Bxf6 57.Rxf6 Kc7
58.Rf5 Kd6 59.Bc3 Re7 60.Bxh5 Rg8 61.Rf6+ Kd7 62.Bg6  1-0

[Event "Aeroflot Open B"]
[Site "Moscow RUS"]
[Date "2005.02.21"]
[Round "7"]
[White "Zhou Jianchao"]
[Black "Vokarev,S"]
[Result "1-0"]
[WhiteElo "2421"]
[BlackElo "2494"]

1.d4 Nf6 2.c4 g6 3.Nc3 d5 4.cxd5 Nxd5 5.e4 Nxc3 6.bxc3 Bg7 7.Nf3 c5 8.Rb1 O-O
9.Be2 b6 10.O-O Bb7 11.Qd3 Ba6 12.Qc2 cxd4 13.Bxa6 Nxa6 14.cxd4 Qd7 15.Qe2 Nc7
16.Rd1 f5 17.Qc4+ Kh8 18.Ba3 Ne6 19.Ne5 Qc8 20.Qd5 Bxe5 21.Qxe5+ Ng7 22.Bxe7 Re8
23.Rbc1 Qe6 24.Bf6 Qxe5 25.dxe5 Rac8 26.Rxc8 Rxc8 27.g4 Kg8 28.gxf5 gxf5
29.Bxg7 Kxg7 30.exf5 Rc5 31.Re1 Kf8 32.Kg2 Ke7 33.Kg3 b5 34.f4 Rc8 35.Rd1 a5
36.Rd5 Rb8 37.f6+ Ke6 38.Rd6+ Kf7 39.Kg4 a4 40.Ra6  1-0

[Event "76th ch-GER"]
[Site "Altenkirchen GER"]
[Date "2005.02.22"]
[Round "5"]
[White "Schmidt,Rai"]
[Black "Schinke,A"]
[Result "1/2-1/2"]
[WhiteElo "2183"]
[BlackElo "2191"]

1.d4 Nf6 2.c4 g6 3.Nc3 d5 4.cxd5 Nxd5 5.e4 Nxc3 6.bxc3 Bg7 7.Bc4 O-O 8.Ne2 c5
9.O-O Nc6 10.Be3 Qc7 11.Rc1 Rd8 12.Bf4 Qd7 13.dxc5 Qe8 14.Qc2 Ne5 15.Bxe5 Bxe5
16.f4 Bg7 17.f5 e6 18.fxg6 hxg6 19.Rcd1 Rxd1 20.Qxd1 Bd7 21.Qd6 Bb5 22.Bxb5 Qxb5
23.Nd4 Qc4 24.e5 Rf8 25.c6 bxc6 26.Qxc6 Qxa2 27.c4 Qa3 28.Re1 Qc3 29.Nf3 Rb8
30.Qc7 Rb2 31.Rf1 Qe3+ 32.Kh1 Qe2 33.Rg1 Qf2 34.c5 Rc2 35.Qxa7 Rxc5 36.Rd1 Rc2
37.Qxf2 Rxf2 38.Kg1 Re2 39.Kf1 Re4 40.Rd8+ Bf8 41.Rd7 Rf4 42.Ke2 Bh6 43.Rd4 Rxd4
44.Nxd4 Bf4 45.Nf3 Kg7 46.Kd3 Kh6 47.Ke4 Bc1 48.g4 Ba3  1/2-1/2

[Event "XI Anibal Open"]
[Site "Linares ESP"]
[Date "2005.03.02"]
[Round "7"]
[White "Ortega Ruiz,J"]
[Black "Martin Blanco,F"]
[Result "1-0"]
[WhiteElo "2278"]
[BlackElo "2093"]

1.d4 Nf6 2.c4 g6 3.Nc3 d5 4.cxd5 Nxd5 5.e4 Nxc3 6.bxc3 Bg7 7.Be3 O-O 8.Bc4 c5
9.Ne2 Qc7 10.Rc1 Rd8 11.O-O Nc6 12.h3 Na5 13.Bd3 e6 14.Qd2 b6 15.Bg5 Re8
16.Rfd1 Bb7 17.Bh6 Rad8 18.Bxg7 Kxg7 19.e5 Qe7 20.Qf4 f5 21.exf6+ Qxf6 22.Qg3 e5
23.Bb5 Bc6 24.dxe5 Rxd1+ 25.Rxd1 Qxe5 26.Bxc6 Nxc6 27.Rd7+ Kh8 28.Nf4 Rd8
29.Rb7 Rd1+ 30.Kh2 Ne7 31.Qf3 Rd2 32.a3 Nf5 33.Rxa7 Rd8 34.Qb7  1-0

[Event "TCh-ISL 2004-5"]
[Site "Reykjavik ISL"]
[Date "2005.03.05"]
[Round "7"]
[White "Einarsson,B"]
[Black "Halldorsson,H"]
[Result "1/2-1/2"]
[WhiteElo "2243"]
[BlackElo "2239"]

1.d4 Nf6 2.c4 g6 3.Nc3 d5 4.cxd5 Nxd5 5.e4 Nxc3 6.bxc3 Bg7 7.Bc4 c5 8.Ne2 Nc6
9.Be3 O-O 10.O-O Qc7 11.Rc1 Rd8 12.Qa4 Bd7 13.Qa3 Na5 14.Bd3 e5 15.d5 c4
16.Bb1 Bf8 17.Qb2 f6 18.Qd2 b6 19.f4 Nb7 20.fxe5 fxe5 21.Bg5 Bc5+ 22.Kh1 Rf8
23.Bh6 Rxf1+ 24.Rxf1 Bf8 25.Ng1 Qd6 26.Qg5 Bg7 27.Bxg7 Kxg7 28.Nf3 Rf8 29.Kg1 Re8
30.Qg3 Qc5+ 31.Rf2 Qe3 32.Qh4 Qxc3 33.Nd2 Qc1+ 34.Rf1 Qxd2 35.Qf6+ Kh6 36.Qh4+  1/2-1/2

[Event "Sozina Open"]
[Site "Bar SCG"]
[Date "2005.03.07"]
[Round "4"]
[White "Pantovic,D"]
[Black "Juric,S"]
[Result "1/2-1/2"]
[WhiteElo "2131"]
[BlackElo "2209"]

1.d4 Nf6 2.c4 g6 3.Nc3 d5 4.cxd5 Nxd5 5.e4 Nxc3 6.bxc3 Bg7 7.Bg5 c5 8.Rc1 Qa5
9.Qd2 h6 10.Be3 Nd7 11.Bd3 b6 12.Ne2 e5 13.d5 Nf6 14.f3 h5 15.O-O Ba6 16.Bxa6 Qxa6
17.c4 O-O 18.Rc2 Ne8 19.Bg5 f6 20.Bh6 Nd6 21.Bxg7 Kxg7 22.Qd3 Qa4 23.Rb1 Rae8  1/2-1/2

[Event "FSGM March"]
[Site "Budapest HUN"]
[Date "2005.03.07"]
[Round "3"]
[White "Berczes,D"]
[Black "Szeberenyi,A"]
[Result "1-0"]
[WhiteElo "2313"]
[BlackElo "2357"]

1.d4 Nf6 2.c4 g6 3.Nc3 d5 4.cxd5 Nxd5 5.e4 Nxc3 6.bxc3 Bg7 7.Bc4 O-O 8.Ne2 c5
9.O-O Nc6 10.Be3 Qc7 11.Rc1 b6 12.Nf4 Bb7 13.e5 Na5 14.Bd3 Qd7 15.h4 cxd4
16.cxd4 Rac8 17.Rxc8 Rxc8 18.e6 fxe6 19.Qg4 Bc6 20.Nxg6 hxg6 21.Qxg6 Qd5
22.Rc1 Rd8 23.Rxc6 Nxc6 24.Bh6 Qxd4 25.Qh7+ Kf8 26.Bg6 Qa1+ 27.Kh2 Qe5+ 28.g3  1-0

[Event "Bundesliga 2004-5"]
[Site "Stuttgart GER"]
[Date "2005.03.12"]
[Round "12"]
[White "Gustafsson,J"]
[Black "Oral,T"]
[Result "1-0"]
[WhiteElo "2616"]
[BlackElo "2552"]

1.d4 Nf6 2.c4 g6 3.Nc3 d5 4.cxd5 Nxd5 5.e4 Nxc3 6.bxc3 Bg7 7.Bc4 O-O 8.Ne2 c5
9.O-O Nc6 10.Be3 Bg4 11.f3 Na5 12.Bd3 cxd4 13.cxd4 Be6 14.d5 Bxa1 15.Qxa1 f6
16.Bh6 Bd7 17.Bxf8 Qb6+ 18.Qd4 Qxd4+ 19.Nxd4 Kxf8 20.Rc1 Rc8 21.Rxc8+ Bxc8
22.f4 a6 23.Kf2 b5 24.Ke3 Kf7 25.Nf3 Bg4 26.e5 Bxf3 27.Kxf3 Nb7 28.Ke3 Ke8
29.Kd4 f5 30.h3 h5 31.g3 Kd7 32.Be2 Ke8 33.Bf3 Na5 34.Be2 Nb7 35.Bf3 Na5
36.Kc5 Nc4 37.Be2 Nd2 38.Bd3 Kd8 39.Kd4 h4 40.gxh4 Nf3+ 41.Ke3 Nxh4 42.Kf2 g5
43.fxg5 e6 44.dxe6  1-0

[Event "TCh-SWE Elitserien 2004-5"]
[Site "Malmo SWE"]
[Date "2005.03.13"]
[Round "11"]
[White "Johnson,Bj"]
[Black "Alm,H"]
[Result "0-1"]
[WhiteElo "2216"]
[BlackElo "2293"]

1.d4 Nf6 2.c4 g6 3.Nc3 d5 4.cxd5 Nxd5 5.e4 Nxc3 6.bxc3 Bg7 7.Bc4 c5 8.Ne2 O-O
9.O-O Nc6 10.Be3 Qc7 11.Rc1 Rd8 12.Bf4 Qd7 13.dxc5 Qe8 14.Bd5 Bd7 15.Qd3 Rac8
16.Qe3 Na5 17.Qg3 Rxc5 18.Be3 Rb5 19.Bxa7 e6 20.Bb3 Nxb3 21.axb3 Rxb3 22.Nd4 Rb2
23.e5 Qe7 24.Nc2 Bb5 25.Rfe1 Rd2 26.Nb4 Qc7 27.Bd4 Qc4 28.Be3 Re2 29.Rxe2 Rxe2
30.Ra1 h5 31.Bd4 Bf8 32.Qf3 Rd2 33.Qe3 Re2 34.Qf3 Rb2 35.Qe3 Qb3 36.h3 Rb1+
37.Rxb1 Qxb1+ 38.Kh2 Qf5 39.Qg3 Qe4 40.Qe3 Qf5 41.Qg3 Bh6 42.Qf3 Qxf3 43.gxf3 Bf4+
44.Kg2 Be2 45.Nc2 Kf8 46.Na3 Ke7 47.c4 Bd3 48.Nb5 Bxc4 49.Bc5+ Kd7 50.Nd6 Bd5
51.Nxf7 g5 52.Be3 Bxe3 53.fxe3 b5 54.Nd6 b4 55.e4 b3 56.Nb5 b2 57.Nc3 Bc4
58.h4 gxh4 59.Kh3 Be2 60.f4 Bf3 61.f5 Bxe4 62.f6 b1=Q 63.Nxb1 Bxb1 64.Kxh4 Bg6
65.Kg5 Bf7 66.Kf4 Ke8 67.Kg5 Kf8  0-1

[Event "3rd Chiuso Hotel Petra"]
[Site "Rome ITA"]
[Date "2005.03.14"]
[Round "1"]
[White "Lazic,Mi"]
[Black "Mrdja,M"]
[Result "1/2-1/2"]
[WhiteElo "2517"]
[BlackElo "2395"]

1.d4 Nf6 2.c4 g6 3.Nc3 d5 4.cxd5 Nxd5 5.e4 Nxc3 6.bxc3 Bg7 7.Bc4 O-O 8.Be3 c5
9.Ne2 Nc6 10.O-O Qc7  1/2-1/2

[Event "FSIMB March"]
[Site "Budapest HUN"]
[Date "2005.03.15"]
[Round "11"]
[White "Eperjesi,L"]
[Black "Katsuhara,O"]
[Result "1-0"]
[WhiteElo "2283"]
[BlackElo "2083"]

1.d4 Nf6 2.c4 g6 3.Nc3 d5 4.cxd5 Nxd5 5.e4 Nxc3 6.bxc3 Bg7 7.Bg5 c5 8.Rc1 O-O
9.d5 Qa5 10.Qd2 e6 11.c4 Qa4 12.Bd3 Re8 13.Ne2 b6 14.O-O Ba6 15.f4 exd5 16.exd5 Nd7
17.f5 Ne5 18.f6 Bf8 19.Bh6 Bd6 20.Ng3 Nxc4 21.Qf2 Ne5 22.Bxa6 Qxa6 23.Nf5 Ng4
24.Qh4 Bxh2+ 25.Kh1 Qa4 26.Ne7+ Rxe7 27.fxe7 Bd6 28.Rce1 Re8 29.Bf4 Ne5 30.Qf6 Nd3
31.Bxd6 Qg4 32.Qxf7+  1-0

[Event "ch-Privolzhsky Region"]
[Site "Ishevsk RUS"]
[Date "2005.03.18"]
[Round "3"]
[White "Iljushin,A"]
[Black "Grebionkin,Vl"]
[Result "1-0"]
[WhiteElo "2530"]
[BlackElo "2421"]

1.d4 Nf6 2.c4 g6 3.Nc3 d5 4.cxd5 Nxd5 5.e4 Nxc3 6.bxc3 Bg7 7.Bc4 c5 8.Ne2 Nc6
9.Be3 O-O 10.O-O Qc7 11.Rc1 Rd8 12.Bf4 Qd7 13.d5 Na5 14.Bd3 b5 15.Be3 e6
16.Nf4 e5 17.Ne2 c4 18.Bb1 Qe7 19.f4 exf4 20.Bd4 Bg4 21.Bxg7 Kxg7 22.Qd4+ Kg8
23.Nxf4 Nc6 24.Qe3 Ne5 25.Qg3 Kh8 26.Ne6 fxe6 27.Qxe5+ Qg7 28.Qg3 Be2 29.Rf2 Bd3
30.dxe6 Re8 31.Bxd3 cxd3 32.Rf7 Qh6 33.Rcf1 Rxe6 34.Qxd3 Rae8 35.Qxb5 Qe3+
36.Kh1 Rxe4 37.h3 Qe2 38.Qg5  1-0

[Event "Extraliga CZE 2004-5"]
[Site "Czech Rep CZE"]
[Date "2005.03.19"]
[Round "8"]
[White "Bazant,P sr"]
[Black "Konopka,M"]
[Result "0-1"]
[WhiteElo "2305"]
[BlackElo "2458"]

1.d4 Nf6 2.c4 g6 3.Nc3 d5 4.cxd5 Nxd5 5.e4 Nxc3 6.bxc3 Bg7 7.Be3 c5 8.Qd2 Qa5
9.Nf3 Nc6 10.Rc1 cxd4 11.cxd4 Qxd2+ 12.Kxd2 O-O 13.d5 Rd8 14.Ke1 Nb4 15.Bd2 Na6
16.Bb5 e6 17.Bxa6 bxa6 18.Ba5 Rd7 19.dxe6 fxe6 20.Ke2 Bb7 21.Rc4 Rf8 22.Nd2 Bd4
23.f3 Bb6 24.Nb3 Rfd8 25.Rc2 Rd3 26.Nc5 Ra3 27.Bxb6 axb6 28.Nxe6 Re8 29.Ng5 Bd5
30.Kd2 Rd8 31.Kc1 Bxa2 32.Kb2 Ra5 33.Ra1 Rb5+ 34.Kxa2 Rxg5 35.Kb2 a5 36.Ra3 Rd7
37.Rb3 b5 38.f4 Rh5 39.g3 b4 40.e5 Rf5 41.Re3 Rf8 42.Kb3 Rb8 43.Ra2 Rd5 44.h4 h5
45.Rc2 Rd7 46.Ra2 Rd5 47.Rc2 Rbd8 48.Ka4 Rd1 49.e6 Rb8 50.Ra2 Kf8 51.Kb3 Rd5
52.Rc2 Rb7 53.Rc8+ Ke7 54.Rg8 Kf6 55.Rf8+ Kg7 56.Rc8 Re7 57.Rc6 Kf6 58.Ka4 Kf5
59.Kb3 Kf6 60.Ka4 Rd8 61.Kxa5 Rb8 62.Rc1 Ra7+  0-1

[Event "Extraliga CZE 2004-5"]
[Site "Czech Rep CZE"]
[Date "2005.03.19"]
[Round "8"]
[White "Kantorik,M"]
[Black "Hagara,E"]
[Result "1/2-1/2"]
[WhiteElo "2315"]
[BlackElo "2398"]

1.d4 Nf6 2.c4 g6 3.Nc3 d5 4.cxd5 Nxd5 5.e4 Nxc3 6.bxc3 Bg7 7.Be3 c5 8.Rc1 O-O
9.d5 b6 10.Nf3 e6 11.c4 Na6 12.Be2 e5 13.Qd2 Nc7 14.O-O Ne8 15.Bh6 Bxh6 16.Qxh6 f6
17.Qe3 Nd6 18.a4 a5 19.Nd2 Bd7 20.Ra1 Qe7 21.Bd3 Kg7 22.Bc2 Rab8 23.Rab1 Rb7
24.Rb2 Re8  1/2-1/2

[Event "ch-Privolzhsky Region"]
[Site "Ishevsk RUS"]
[Date "2005.03.22"]
[Round "7"]
[White "Tunik,G"]
[Black "Grebionkin,Vl"]
[Result "0-1"]
[WhiteElo "2477"]
[BlackElo "2421"]

1.d4 Nf6 2.c4 g6 3.Nc3 d5 4.cxd5 Nxd5 5.e4 Nxc3 6.bxc3 Bg7 7.Bg5 c5 8.Rc1 h6
9.Be3 Qa5 10.Qd2 cxd4 11.cxd4 Qxd2+ 12.Bxd2 O-O 13.Nf3 Bg4 14.Ne5 Bxe5 15.dxe5 Nc6
16.Bxh6 Rfc8 17.Bf4 Nb4 18.f3 Nxa2 19.Rb1 Be6 20.Kf2 Rc7 21.h4 Nc3 22.Ra1 b5
23.h5 g5 24.Bxg5 b4 25.Ba6 b3 26.Bc1 Rb8 27.Bb2 Nxe4+ 28.Ke3 Rc2 29.Bd4 Ng3
30.Bd3 Nxh1 31.Bxc2 bxc2 32.Rc1 Ng3 33.Bxa7 Rc8 34.h6 Bb3 35.Kf2 Nf5 36.g4 Nxh6
37.Be3 Kg7 38.Rh1 Ng8 39.Ra1 e6 40.Bc1 Rd8 41.Ra3 Rd1 42.Bg5 Rb1 43.Kg2 Kg6  0-1

[Event "Norwegian Open"]
[Site "Oslo NOR"]
[Date "2005.03.24"]
[Round "6"]
[White "Aandal,K"]
[Black "Harstad,C"]
[Result "1/2-1/2"]
[WhiteElo "1932"]
[BlackElo "2109"]

1.d4 Nf6 2.c4 g6 3.Nc3 d5 4.cxd5 Nxd5 5.e4 Nxc3 6.bxc3 Bg7 7.Bc4 O-O 8.Ne2 c5
9.Be3 Nc6 10.O-O Bg4 11.f3 Na5 12.Bd3 cxd4 13.cxd4 Be6 14.d5 Bxa1 15.Qxa1 f6
16.Bh6 Re8 17.Kh1 Rc8 18.Nf4 Bd7 19.e5 Nc4 20.e6 Ba4 21.Nxg6 hxg6 22.Bxg6 Ne5
23.Be4 Bc2 24.Bxc2 Rxc2 25.Qd1 Qc7 26.f4 Rc1 27.Qxc1 Qxc1 28.Rxc1 Ng4 29.h3 Nxh6
30.g4 Kf8 31.Rc7 Rd8 32.Rd7 Nf7 33.g5 Rxd7 34.exd7 Kg7 35.h4 Kg6 36.Kg2 f5
37.Kf2 Nd8 38.Ke3 b5 39.Kd4 Nb7 40.Kc3 a5 41.Kd4 Kh5  1/2-1/2

[Event "Third Sat A"]
[Site "Novi Sad SCG"]
[Date "2005.03.25"]
[Round "9"]
[White "Franchini,G"]
[Black "Barillaro,L"]
[Result "1/2-1/2"]
[WhiteElo "2269"]
[BlackElo "2213"]

1.c4 Nf6 2.d4 g6 3.Nc3 d5 4.cxd5 Nxd5 5.e4 Nxc3 6.bxc3 Bg7 7.Nf3 O-O 8.Be2 c5
9.Be3 cxd4 10.cxd4 Qa5+ 11.Qd2 Qxd2+ 12.Kxd2 Nc6 13.Rab1 b6  1/2-1/2

[Event "Open"]
[Site "Coventry ENG"]
[Date "2005.03.26"]
[Round "4"]
[White "Nelson,O"]
[Black "Mason,D"]
[Result "0-1"]
[WhiteElo "2094"]
[BlackElo "2255"]

1.d4 Nf6 2.c4 g6 3.Nc3 d5 4.cxd5 Nxd5 5.e4 Nxc3 6.bxc3 Bg7 7.Be3 c5 8.Qd2 O-O
9.Nf3 Qa5 10.Rc1 cxd4 11.cxd4 Qxd2+ 12.Kxd2 Rd8 13.Ke1 Nc6 14.d5 Nb4 15.Bd2 Na6
16.Bg5 Bd7 17.Bd3 Rac8 18.Ke2 Nb4 19.Bxe7 Nxa2 20.Rc4 b5 21.Rc5 Re8 22.Bd6 Nc3+
23.Ke3 Rxc5 24.Bxc5 Nxd5+ 25.Kd2 Bh6+ 26.Be3 Nxe3 27.fxe3 Bc6 28.Nd4 Bxe4
29.Bxb5 Bxg2 30.Re1 Rd8 31.Kd3 Bf8 32.Ra1 Bc5 33.Rg1 Bh3 34.Kc4 Bxd4 35.exd4 Be6+
36.Kc3 Rb8 37.Ba4 Rc8+ 38.Kd3 Bf5+ 39.Ke3 Rc3+ 40.Kf4 Rc4 41.Ra1 Rxd4+ 42.Ke5 Re4+
43.Kd6 Re6+ 44.Kc5 Ra6 45.Kb5 Bd3+ 46.Kb4 Bc2  0-1

[Event "Technomont Cup"]
[Site "Frydek Mistek CZE"]
[Date "2005.03.27"]
[Round "7"]
[White "Lahner,J"]
[Black "Meszaros,Mi"]
[Result "0-1"]
[WhiteElo "2241"]
[BlackElo "2347"]

1.d4 Nf6 2.c4 g6 3.Nc3 d5 4.cxd5 Nxd5 5.e4 Nxc3 6.bxc3 Bg7 7.Bc4 c5 8.Ne2 O-O
9.O-O Nc6 10.Be3 Bd7 11.Rb1 Qc7 12.Bd3 Rfd8 13.d5 Ne5 14.c4 e6 15.Nf4 b6
16.Be2 h6 17.Qc1 Kh7 18.Nd3 exd5 19.cxd5 f5 20.f4 Nxd3 21.Bxd3 fxe4 22.Bxe4 Bf5
23.Bxf5 gxf5 24.Rd1 Rd6 25.Qc2 Qf7 26.a4 Re8 27.Bf2 Rxd5 28.a5 Red8 29.Rxd5 Qxd5
30.axb6 axb6 31.g4 Rd6 32.h4 Bd4 33.Qxf5+ Qxf5 34.gxf5 Bxf2+ 35.Kxf2 Kg7
36.Rg1+ Kf7 37.Ke3 c4 38.h5 c3 39.Rg6 c2 40.Rxd6 c1=Q+ 41.Ke4 Qh1+ 42.Ke5 Qe1+
43.Kd5 Qd1+ 44.Ke5 Qe2+ 45.Kd5 Qxh5  0-1

[Event "3rd ch-GER Internet Blitz Candidates"]
[Site "playchess INT"]
[Date "2005.04.02"]
[Round "7"]
[White "Reich,T"]
[Black "Peschlow,P"]
[Result "1-0"]
[WhiteElo "2406"]
[BlackElo "2318"]

1.d4 Nf6 2.c4 g6 3.Nc3 d5 4.cxd5 Nxd5 5.e4 Nxc3 6.bxc3 Bg7 7.Bc4 c5 8.Ne2 Nc6
9.Be3 O-O 10.O-O Qc7 11.d5 Rd8 12.Bf4 Be5 13.Bg3 Bxg3 14.hxg3 e6 15.Nf4 Ne5
16.Be2 c4 17.Rb1 b6 18.Qc1 Qe7 19.Rd1 g5 20.Nh5 exd5 21.exd5 Rd6 22.Qe3 Ng6
23.Qd4 Qe5 24.f4 gxf4 25.gxf4 Qxd4+ 26.Rxd4 Bf5 27.Rbd1 b5 28.g4 Bd7 29.Kf2 h6
30.a3 Re8 31.Bf3 a5 32.a4 bxa4 33.Rxc4 Rc8 34.Rxc8+ Bxc8 35.c4 a3 36.c5 Rd8
37.d6 Bd7 38.Nf6+ Kg7 39.Nxd7 Rxd7 40.c6 Rd8 41.c7  1-0